| 000 | 01022nac a22002891u 4500 | ||
|---|---|---|---|
| 003 | EG-ScBUE | ||
| 005 | 20221026110103.0 | ||
| 008 | 100808s1980 ti a f b 000 00 ara d | ||
| 020 | _a7601748392 | ||
| 020 | _a80148644442 | ||
| 040 |
_aEG-ScBUE _bara _erda _cEG-ScBUE _dEG-ScBUE |
||
| 043 | _ama----- | ||
| 082 | 0 | 4 |
_a745 _bب هـ ن _222 |
| 100 | 1 |
_aبهنسي، عفيف، _d1928-2017، _eمؤلف. |
|
| 245 | 1 | 2 |
_aالفن الحديث في البلاد العربية / _cد. عفيف بهنسي. |
| 264 | 1 |
_a[تونس] : _bدار الجنوب للنشر : _bاليونسكو، _c1980. |
|
| 300 |
_a222 صفحة : _bصور ملونة ؛ _c27 سم |
||
| 336 |
_2rdacontent _aنص _btxt |
||
| 337 |
_2rdamedia _aبدون وسيط _bn |
||
| 338 |
_2rdacarrier _aمجلد _bnc |
||
| 504 | _aيشتمل على إرجاعات ببليوجرافية. | ||
| 650 | 7 |
_aالفن العربي. _2BUEsh |
|
| 650 | 7 |
_aالفن _zالدول العربية. _2BUEsh |
|
| 653 | _bART | ||
| 655 | _vReading book | ||
| 942 |
_cBB _2ddc |
||
| 999 |
_c7497 _d7497 |
||